The A-Z of regeneration consultants 2004/05 (Record no. 103864)

MARC details
000 -LEADER
fixed length control field 00749cam a2200205 4500
001 - CONTROL NUMBER
control field J128056
008 - FIXED-LENGTH DATA ELEMENTS--GENERAL INFORMATION
fixed length control field 041119n2004 000 0 eng u
035 ## - SYSTEM CONTROL NUMBER
System control number (Sirsi) u128056
041 ## - LANGUAGE CODE
Language code of text/sound track or separate title eng.
050 ## - LIBRARY OF CONGRESS CALL NUMBER
Classification number 711.52
-- 18
245 #4 - TITLE STATEMENT
Title The A-Z of regeneration consultants 2004/05
260 ## - PUBLICATION, DISTRIBUTION, ETC.
Place of publication, distribution, etc. London
Name of publisher, distributor, etc. Regeneration and Renewal
Date of publication, distribution, etc. 2004
300 ## - PHYSICAL DESCRIPTION
Extent 35p.
Dimensions 30cm.
520 ## - SUMMARY, ETC.
Summary, etc. More than 400 regeneration consultants are detailed in this supplement. Covers every aspect of the sector including: general services; economic, business and skills development; land, property, planning and transport; and neighbourhood and community
650 ## - SUBJECT ADDED ENTRY--TOPICAL TERM
Topical term or geographic name entry element DIRECTORY
650 ## - SUBJECT ADDED ENTRY--TOPICAL TERM
Topical term or geographic name entry element REGENERATION
650 ## - SUBJECT ADDED ENTRY--TOPICAL TERM
Topical term or geographic name entry element CONSULTANTS
690 ## - LOCAL SUBJECT ADDED ENTRY--TOPICAL TERM (OCLC, RLIN)
Topical term or geographic name as entry element REGENERATION
942 ## - ADDED ENTRY ELEMENTS (KOHA)
Suppress in OPAC 0

No items available.